000 00816nam0a22002771 4500
001 RU\NLR\A1SV\108271
005 20251203171251.9
035 _a(NLR Aleph) 009789624
090 _a10130884
_c10130884
100 _a20101027d1926 u y0rusy50 ca
101 0 _arus
102 _aRU
200 1 _aНаш опыт
_e(Из практики работы среди бедноты на Тереке)
_eК IX окр. партконф.
_fТер. окр. ком. ВКП(б)
210 _aПятигорск
_d1926
215 _a72 с.
_d22 см
620 _dПятигорск
712 0 2 _aВКП(б)
_bТерский окр. ком.
801 0 _aRU
_bNLR
_c20101027
899 _aРГБ
899 _aДГПБ
899 _aРГБ
899 _aДГПБ
942 _cBOOK
980 _aNB
980 _aA1SV